000 00400nam a22001217a 4500
040 _crua
082 _aSTA MEN 2014 C337 Or.
100 _aម៉ែន សារុម
245 _aFundamental Statistics , មូលដ្ឋានគ្រិះនៃស្ថិតិវិទ្យា
260 _aphnom penh
_brua
_c2014
300 _axxii.325p.
_bill.
_c29cm,
942 _cសៀវភៅគោល
999 _c22518
_d22518